000 01681nam a22005050a 4500
001 UByD002189
003 AR-LpoUNG
005 20240209123234.0
008 231118s2021||||ag |||||||||||||||||spa d
020 _a9789876305549
040 _aAR-LpoUNG
_bspa
_cAR-LpoUNG
_eaacr
041 _aspa
044 _aag
082 0 _a982.064 768inf
100 1 _aSprei, Carlos
245 1 3 _aLa infiltración del Batallón de Inteligencia Nº601 en el PRT-ERP (1974-1976) :
_bel Oso Ranier : ni héroe ni traidor
250 _a1ra. ed.
260 _aBuenos Aires ; La Plata ; Posadas :
_bUniversidad Nacional de General Sarmiento ; Universidad Nacional de La Plata. Facultad de Humanidades y Ciencias de la Educación ; Universidad Nacional de Misiones,
_c2021.
300 _a218 p.
490 0 _aEntre los libros de la buena memoria ;
_vno. 25
650 4 _aARGENTINA
650 4 _aANALISIS HISTORICO
650 4 _aANALISIS SOCIOLOGICO
650 4 _aHISTORIA POLITICA
650 4 _aHISTORIA SOCIAL
650 4 _aDICTADURA
650 4 _aESTADO
650 4 _aVIOLENCIA
650 4 _aTERRORISMO
650 4 _aDERECHOS HUMANOS
650 4 _aGOBIERNO MILITAR
650 4 _aSOCIEDAD CIVIL
650 4 _aCONFLICTOS SOCIALES
650 4 _aACTIVIDAD MILITAR
650 4 _aMILITARISMO
650 4 _aPRESO POLITICO
653 0 _aMILITANCIA POLITICA
653 0 _aPERSECUCION POLITICA
653 0 _aMEMORIA COLECTIVA
653 0 _aEJERCITO REVOLUCIONARIO DEL PUEBLO
653 0 _aPARTIDO REVOLUCIONARIO DE LOS TRABAJADORES
856 4 0 _uhttp://repositorio.ungs.edu.ar:8080/xmlui/handle/UNGS/916
_yTexto completo
905 _a62370
942 _cLIB
_2ddc
999 _c64704
_d64704